00557 a2200169 4500008004100000010001400041020002300055035001300078037001800091082001200109100001800121245006400139260003300203270010500236300002400341700002200365080820t xxu||||| |||| 00| 0 eng d aENG-84791 a8183821146c150.00 aEN-68324 bD.B.Act / Pub a133.333 aSharma, Gopal aHealing power of gemscby Gopal Sharma and Sewaram Jaipuria aNew DelhibLotus Pressc2007 a4263/3, Ansari Road, Darya Ganj,bNew DelhicDelhie110002k32903912, 23290047mlotus_press@sify.com a209 p.c21 cm (Pbk) aJaipuria, Sewaram